[Event "Pere Noel"]
[Site "Montreal CAN"]
[Date "2017.12.30"]
[Round "5.11"]
[White "Prahov, Valentin"]
[Black "Richard, Leo"]
[Result "0-1"]
[WhiteElo "2075"]
[BlackElo "1836"]
[WhiteFideId "-1"]
[WhiteFideId "-1"]
[PlyCount "112"]
[GameId "2160767908292071"]
[EventDate "2017.12.27"]
[EventType "swiss"]
[EventRounds "5"]
[EventCountry "CAN"]
[SourceTitle "EXT 2022"]
[Source "ChessBase"]
[SourceDate "2021.10.06"]
[SourceVersion "1"]
[SourceVersionDate "2021.10.06"]
[SourceQuality "1"]

1. e4 c6 2. d4 d5 3. exd5 cxd5 4. Bd3 Nc6 5. c3 Nf6 6. Bf4 Bg4 7. Qb3 Qc8 8. Nd2 e6 9. Ngf3 Bh5 10. Ne5 a6 11. O-O Be7 12. Rfe1 Nxe5 13. Bxe5 O-O 14. Qc2 Bg6 15. Bxg6 hxg6 16. Qd3 Nd7 17. Bg3 Qc6 18. Nf3 b5 19. Bh4 Bxh4 20. Nxh4 Nf6 21. Qh3 Qb6 22. Nf3 b4 23. Re2 bxc3 24. bxc3 Qb5 25. Rae1 Ne4 26. Rxe4 dxe4 27. Rxe4 Qf5 28. Qh4 Rab8 29. h3 f6 30. Re3 Rb1+ 31. Kh2 Rb2 32. a4 Ra2 33. Qg3 Rxa4 34. Nh4 Qg5 35. Nxg6 Qxg3+ 36. Kxg3 Re8 37. Nf4 Kf7 38. Nd3 Ra3 39. f4 a5 40. Nc5 Rc8 41. Kf3 Rc6 42. g4 Ra2 43. Ke4 a4 44. f5 exf5+ 45. gxf5 a3 46. Kd5 Rb6 47. c4 Rb8 48. Kc6 Ra8 49. Kb7 Re8 50. Ne6 Rb2+ 51. Ka7 a2 52. Ra3 Reb8 53. Nc5 R8b4 54. Ra5 Rxc4 55. Nd3 Rd2 56. Nc5 Rb4 0-1

[Event "Pere Noel"]
[Site "Montreal CAN"]
[Date "2017.12.30"]
[Round "5.12"]
[White "Chang, Alexander"]
[Black "Cui, Leonardo"]
[Result "0-1"]
[WhiteElo "1953"]
[BlackElo "1830"]
[WhiteFideId "-1"]
[WhiteFideId "-1"]
[PlyCount "72"]
[GameId "2160767908292072"]
[EventDate "2017.12.27"]
[EventType "swiss"]
[EventRounds "5"]
[EventCountry "CAN"]
[SourceTitle "hb 2017"]

1. e4 d6 2. d4 Nf6 3. Bd3 e5 4. Nf3 Nbd7 5. O-O Be7 6. d5 h6 7. c4 a5 8. Nc3 Nf8 9. Be3 g5 10. Ne2 Ng6 11. Ng3 Nf4 12. h3 Bd7 13. Qd2 Qc8 14. Rfe1 Rg8 15. c5 g4 16. hxg4 Nxd3 17. Qxd3 Nxg4 18. cxd6 Bxd6 19. Rac1 Qd8 20. Nf5 Bxf5 21. exf5 Kf8 22. Bc5 Kg7 23. Bxd6 cxd6 24. Rc4 Kh8 25. Rec1 Qf6 26. Rc7 Rae8 27. R7c4 b5 28. Re4 Qxf5 29. Qe2 Qh5 30. Qe1 f5 31. Re2 Nf6 32. Nh2 Rxg2+ 33. Kxg2 Rg8+ 34. Kh1 Ng4 35. Qg1 Nxh2 36. Qxh2 Qf3+ 0-1

[Event "Pere Noel"]
[Site "Montreal CAN"]
[Date "2017.12.30"]
[Round "5.13"]
[White "Forest, Jimmy2"]
[Black "Auger, Bertrand"]
[Result "0-1"]
[WhiteElo "1791"]
[BlackElo "1934"]
[WhiteFideId "-1"]
[WhiteFideId "-1"]
[PlyCount "106"]
[GameId "2160767908292073"]
[EventDate "2017.12.27"]
[EventType "swiss"]
[EventRounds "5"]
[EventCountry "CAN"]
[SourceTitle "EXT 2022"]
[Source "ChessBase"]
[SourceDate "2021.10.06"]
[SourceVersion "1"]
[SourceVersionDate "2021.10.06"]
[SourceQuality "1"]

1. d4 Nf6 2. Nf3 b6 3. e3 Bb7 4. b3 e6 5. Bb2 Bb4+ 6. Nbd2 Ne4 7. Bd3 f5 8. a3 Bxd2+ 9. Nxd2 O-O 10. Nxe4 fxe4 11. Be2 Qg5 12. g3 Nc6 13. h4 Qf6 14. Rh2 Ne7 15. Qd2 d5 16. O-O-O Nf5 17. Rdh1 a5 18. g4 Nd6 19. c4 Ba6 20. cxd5 Bxe2 21. Qxe2 exd5 22. Kb1 a4 23. b4 Qf3 24. Qxf3 Rxf3 25. Rc1 Nc4 26. Ka2 Raf8 27. Rc2 R8f7 28. Bc3 b5 29. Bb2 Kf8 30. Bc3 Ke7 31. Be1 Kd7 32. Bc3 Nd6 33. Bb2 Ne8 34. Rc5 c6 35. Rc2 Nf6 36. Rg2 h5 37. gxh5 Rh3 38. Bc3 Rxh4 39. Rc1 Rxh5 40. Rcg1 Rf5 41. Be1 Ne8 42. Kb2 Ke7 43. Rg6 R7f6 44. R6g4 Rf3 45. Ka2 Kf7 46. Kb2 Rh6 47. R4g2 Rff6 48. Kc3 Rhg6 49. Rxg6 Rxg6 50. Rh1 Nd6 51. Kb2 Nc4+ 52. Ka2 Rg2 53. Rh3 Kg8 0-1

[Event "Pere Noel"]
[Site "Montreal CAN"]
[Date "2017.12.30"]
[Round "5.14"]
[White "Destree, Frederic"]
[Black "Baran, Marius"]
[Result "0-1"]
[WhiteElo "1924"]
[BlackElo "1864"]
[WhiteFideId "-1"]
[WhiteFideId "-1"]
[PlyCount "106"]
[GameId "2160767908292074"]
[EventDate "2017.12.27"]
[EventType "swiss"]
[EventRounds "5"]
[EventCountry "CAN"]
[SourceTitle "hb 2017"]

1. Nf3 Nf6 2. g3 d5 3. Bg2 e6 4. O-O Be7 5. d3 O-O 6. Nbd2 Nbd7 7. e4 dxe4 8. dxe4 Rb8 9. Qe2 c5 10. Rd1 e5 11. Nc4 Qc7 12. a4 b6 13. b3 Ba6 14. Bb2 Rbd8 15. Rd2 Rfe8 16. Nfxe5 Nxe5 17. Bxe5 Qxe5 18. Nxe5 Bxe2 19. Rxe2 Bf8 20. f4 h5 21. Bh3 Rd4 22. Rae1 a6 23. Bg2 Ng4 24. Nc6 Rd7 25. e5 c4 26. Bf3 Bc5+ 27. Kg2 a5 28. bxc4 g6 29. Bd5 Kf8 30. h3 Nh6 31. c3 Nf5 32. e6 fxe6 33. Ne5 Rg7 34. Bc6 Rd8 35. g4 hxg4 36. hxg4 Ne7 37. Nd7+ Kg8 38. Nxc5 bxc5 39. Bf3 Rd3 40. Rxe6 Kf8 41. Ra6 Rf7 42. Ra8+ Kg7 43. Rxa5 Rd2+ 44. Kg3 Rd3 45. Rxc5 Ng8 46. Ra1 Nf6 47. Kg2 Rxc3 48. a5 Rd7 49. Bd5 Re7 50. a6 Nxg4 51. a7 Re2+ 52. Kf1 Rf2+ 53. Kg1 Rg3+ 0-1

[Event "Pere Noel"]
[Site "Montreal CAN"]
[Date "2017.12.30"]
[Round "5.15"]
[White "Gauthier, Denis"]
[Black "Jain, Ankita"]
[Result "1-0"]
[WhiteElo "1867"]
[BlackElo "1264"]
[WhiteFideId "-1"]
[WhiteFideId "-1"]
[PlyCount "152"]
[GameId "2160767908292075"]
[EventDate "2017.12.27"]
[EventType "swiss"]
[EventRounds "5"]
[EventCountry "CAN"]
[SourceTitle "hb 2017"]

1. d4 Nf6 2. c4 e6 3. Nf3 c5 4. d5 exd5 5. cxd5 d6 6. Nc3 a6 7. a4 b6 8. e4 h6 9. Bd3 Bb7 10. O-O Be7 11. h3 Qc7 12. Re1 Nbd7 13. Bf4 O-O 14. Qd2 h5 15. Rad1 g6 16. Bc2 Rfe8 17. Bg3 Bf8 18. Bf4 Kh7 19. b3 Rac8 20. Bd3 Ra8 21. Kh1 Rac8 22. Rc1 Ra8 23. Bc4 Rac8 24. Rcd1 Ra8 25. Qd3 Bg7 26. Re2 Re7 27. Rde1 Ne8 28. Bg5 Nef6 29. Bh4 Ree8 30. Ng5+ Kg8 31. f4 Nh7 32. Nf3 Rac8 33. Bg3 Ra8 34. Nd1 Kf8 35. Nf2 a5 36. Nd1 Re7 37. Nc3 Bxc3 38. Qxc3 Kg8 39. e5 dxe5 40. fxe5 Ree8 41. Qd3 Kg7 42. Bh2 Qd8 43. Bb5 Re7 44. Bf4 Kg8 45. Bc4 Ndf8 46. h4 Bc8 47. Ng5 Bf5 48. Qd2 Bg4 49. Rf2 Raa7 50. d6 Red7 51. Qe3 Be6 52. Nxe6 Nxe6 53. Bxe6 fxe6 54. g3 Qc8 55. Bh6 Rf7 56. Ref1 Rxf2 57. Qxf2 Qd7 58. Qc2 Qe8 59. Qe4 Rd7 60. Qc6 Qd8 61. Kg2 Kh8 62. Rf2 Kg8 63. Bg5 Nxg5 64. hxg5 Ra7 65. Rf6 Qa8 66. Rxg6+ Kf7 67. Rf6+ Kg7 68. Qxa8 Rxa8 69. Rxe6 Kf7 70. Re7+ Kf8 71. g6 Kg8 72. d7 Kf8 73. Rf7+ Kg8 74. e6 h4 75. e7 h3+ 76. Kxh3 c4 1-0

[Event "Pere Noel U1200"]
[Site "Montreal CAN"]
[Date "2017.12.27"]
[Round "1"]
[White "Krymalowsky, Samuel"]
[Black "Imbeault, Marc"]
[Result "0-1"]
[WhiteElo "1075"]
[BlackElo "1165"]
[WhiteFideId "-1"]
[WhiteFideId "-1"]
[PlyCount "40"]
[GameId "2160767908292079"]
[EventDate "2017.12.27"]
[EventType "swiss"]
[EventRounds "5"]
[EventCountry "CAN"]
[SourceTitle "hb 2017"]

1. d4 Nf6 2. c4 e6 3. Nc3 d5 4. Bg5 Be7 5. Nf3 Nbd7 6. e3 O-O 7. Bd3 c6 8. c5 Ng4 9. Bxe7 Qxe7 10. O-O e5 11. dxe5 Nxc5 12. Bc2 Nxe5 13. Re1 Bg4 14. Kh1 Rad8 15. h3 Nxf3 16. gxf3 Bxh3 17. Qd4 Ne6 18. Qd3 Qh4 19. f4 Bf1+ 20. Kg1 Bxd3 0-1

[Event "Pere Noel U1200"]
[Site "Montreal CAN"]
[Date "2017.12.27"]
[Round "1"]
[White "Paquin, Robbie"]
[Black "Bercuvitz, Rick"]
[Result "1-0"]
[WhiteElo "1154"]
[BlackElo "920"]
[WhiteFideId "-1"]
[WhiteFideId "-1"]
[PlyCount "63"]
[GameId "2160767908292080"]
[EventDate "2017.12.27"]
[EventType "swiss"]
[EventRounds "5"]
[EventCountry "CAN"]
[SourceTitle "hb 2017"]

1. e4 e5 2. Nf3 Nc6 3. d4 d6 4. Bc4 Be7 5. Nc3 a6 6. dxe5 Nxe5 7. Nxe5 Be6 8. Bxe6 fxe6 9. Nd3 Nf6 10. Bg5 O-O 11. Bxf6 Bxf6 12. Nf4 Bxc3+ 13. bxc3 Rxf4 14. f3 d5 15. exd5 Qxd5 16. Qd3 Rd8 17. Qxd5 exd5 18. Rb1 b6 19. Rb4 Rxb4 20. cxb4 d4 21. Kd2 c5 22. bxc5 bxc5 23. Kd3 Rb8 24. a3 Rd8 25. Rb1 Re8 26. Rb3 Re3+ 27. Kd2 Re6 28. a4 Kf8 29. a5 g5 30. Rb6 Re8 31. Rxa6 Rc8 32. Kd3 1-0

[Event "Pere Noel U1500"]
[Site "Montreal CAN"]
[Date "2017.12.27"]
[Round "1"]
[White "Diraddo, Daniel"]
[Black "Legault, Simon"]
[Result "1-0"]
[WhiteElo "1236"]
[BlackElo "1393"]
[WhiteFideId "-1"]
[WhiteFideId "-1"]
[PlyCount "89"]
[GameId "2160767908292081"]
[EventDate "2017.12.27"]
[EventType "swiss"]
[EventRounds "5"]
[EventCountry "CAN"]
[SourceTitle "hb 2017"]

1. e4 c5 2. Nf3 d6 3. d4 cxd4 4. Nxd4 a6 5. Nc3 e5 6. Nb3 Nf6 7. Bg5 Be7 8. Be2 Nc6 9. O-O b5 10. Bxf6 Bxf6 11. Qd2 Be6 12. Nd5 Bxd5 13. Qxd5 Rc8 14. c3 Ne7 15. Qd3 O-O 16. Rfd1 Rc6 17. a4 Rb6 18. axb5 Rxb5 19. c4 Rb4 20. Rxa6 Qb8 21. Ra3 Ng6 22. g3 Rc8 23. Rda1 Qb7 24. Qc2 h5 25. Na5 Rxb2 26. Nxb7 Rxc2 27. Bxh5 R8xc4 28. Nxd6 Rd4 29. Ra6 Be7 30. Ra8+ Kh7 31. Nxf7 Rdd2 32. Bxg6+ Kxg6 33. Nxe5+ Kf6 34. Ng4+ Kg5 35. h3 Bc5 36. Rf1 Re2 37. Re8 Rcd2 38. Re5+ Kg6 39. Rxc5 Rxe4 40. Rc6+ Kf5 41. Rfc1 Ree2 42. R1c5+ Ke4 43. Re6+ Kd3 44. Rd6+ Ke4 45. Re5+ 1-0

[Event "Pere Noel U1500"]
[Site "Montreal CAN"]
[Date "2017.12.27"]
[Round "1"]
[White "Lefebvre, Eugene"]
[Black "Brunelle, Raymond"]
[Result "1/2-1/2"]
[WhiteElo "1309"]
[BlackElo "1183"]
[WhiteFideId "-1"]
[WhiteFideId "-1"]
[PlyCount "120"]
[GameId "2160767908292082"]
[EventDate "2017.12.27"]
[EventType "swiss"]
[EventRounds "5"]
[EventCountry "CAN"]
[SourceTitle "hb 2017"]

1. d4 d5 2. Nf3 Nf6 3. e3 Nc6 4. Nbd2 Bd7 5. b3 e6 6. Bb2 Bd6 7. Ne5 O-O 8. a3 a6 9. Bd3 Be8 10. O-O Nd7 11. Nxc6 bxc6 12. b4 a5 13. c3 a4 14. Qe2 Nf6 15. Nf3 h6 16. Qd1 Nd7 17. c4 dxc4 18. Bxc4 Qe7 19. Qc2 e5 20. dxe5 Nxe5 21. Nxe5 Bxe5 22. Bxe5 Qxe5 23. Rfd1 Bd7 24. Rac1 Rfd8 25. Qc3 Qh5 26. f3 Qg6 27. Bd3 Qe6 28. Be4 Qb3 29. Qa1 Qxe3+ 30. Kh1 Qb6 31. Rc3 Rab8 32. Rcd3 c5 33. Rxd7 Rxd7 34. Rxd7 cxb4 35. Qd1 c5 36. Qd5 Rf8 37. Rb7 Qd8 38. Rd7 Qf6 39. axb4 cxb4 40. Bc2 Re8 41. h3 Re1+ 42. Kh2 Qf4+ 43. g3 Re2+ 44. Kh1 Qc1+ 45. Bd1 Re1+ 46. Kg2 Qb2+ 47. Qd2 Qxd2+ 48. Rxd2 a3 49. Bc2 Re8 50. Bb3 Rc8 51. Rd4 Rb8 52. Rd7 Ra8 53. Rxf7 Kh8 54. Rb7 a2 55. Bxa2 Rxa2+ 56. Kf1 Ra4 57. Ke1 Kg8 58. Kd1 Kf8 59. Kc2 Ra3 60. Rxb4 Rxf3 1/2-1/2

[Event "Pere Noel U1500"]
[Site "Montreal CAN"]
[Date "2017.12.27"]
[Round "1"]
[White "Rebhi, Mohamed"]
[Black "Liu, Eric"]
[Result "0-1"]
[WhiteElo "1373"]
[BlackElo "1231"]
[WhiteFideId "-1"]
[WhiteFideId "-1"]
[PlyCount "88"]
[GameId "2160767908292083"]
[EventDate "2017.12.27"]
[EventType "swiss"]
[EventRounds "5"]
[EventCountry "CAN"]
[SourceTitle "hb 2017"]

1. d4 d5 2. Nf3 Nc6 3. Bf4 Bf5 4. e3 Nf6 5. Nbd2 e6 6. Be2 Be7 7. Nh4 Bg6 8. Nxg6 hxg6 9. h3 Qd7 10. Nb3 O-O-O 11. Qd2 g5 12. Bh2 Bd6 13. Nc5 Qe7 14. b4 e5 15. c3 exd4 16. cxd4 Ne4 17. Qd3 Nxb4 18. Qb3 Bxc5 19. dxc5 Nxc5 20. Qd1 Qf6 21. O-O Rh6 22. a3 Nc6 23. Qc2 Nd7 24. Rfc1 Rdh8 25. Bg4 Kd8 26. Qb3 Na5 27. Bxc7+ Ke7 28. Bxa5 Qe5 29. Bc3 Qe4 30. Bxg7 Qxg4 31. Bxh8 Rxh3 32. Be5 Nxe5 33. Qxb7+ Kf6 34. Rc6+ Kg7 35. Qb2 f6 36. Rc7+ Kg6 37. Qc2+ f5 38. Rc6+ Kh5 39. Qc3 Nf3+ 40. Kf1 Rh1+ 41. Ke2 Nd4+ 42. Kd3 Qe4+ 43. Kd2 Rxa1 44. Qxa1 Nb3+ 0-1

[Event "Pere Noel U1500"]
[Site "Montreal CAN"]
[Date "2017.12.27"]
[Round "1"]
[White "Vezeau, Brian"]
[Black "Giroux, Gilbert"]
[Result "0-1"]
[WhiteElo "1216"]
[BlackElo "1311"]
[WhiteFideId "-1"]
[WhiteFideId "-1"]
[PlyCount "84"]
[GameId "2160767908292084"]
[EventDate "2017.12.27"]
[EventType "swiss"]
[EventRounds "5"]
[EventCountry "CAN"]
[SourceTitle "hb 2017"]

1. e4 c5 2. Nf3 a6 3. d4 cxd4 4. Nxd4 Nf6 5. Nc3 e5 6. Nb3 Bb4 7. Bd2 O-O 8. a3 Be7 9. Be2 Nc6 10. O-O d5 11. exd5 Nxd5 12. Bf3 Be6 13. Re1 Qd7 14. Na4 Bf5 15. c4 Nd4 16. Nxd4 Nf6 17. Nxf5 Qxf5 18. g4 Qd3 19. Rxe5 Bd6 20. Re3 Qxc4 21. Rc3 Qb5 22. Rac1 Qe5 23. Kf1 Qxh2 24. Nb6 Rad8 25. g5 Ng4 26. Bxg4 Qh1+ 27. Ke2 Qe4+ 28. Be3 Qxg4+ 29. f3 Qg2+ 30. Bf2 Rfe8+ 31. Re3 Bf4 32. Rxe8+ Rxe8+ 33. Kd3 Qxf2 34. Qc2 Qe3+ 35. Kc4 Qxb6 36. Qa4 Rc8+ 37. Kd5 Bxc1 38. Qg4 Qc5+ 39. Ke4 Qe3+ 40. Kd5 Qb3+ 41. Ke5 Bxb2+ 42. Kf4 Rc4+ 0-1

[Event "Pere Noel U1500"]
[Site "Montreal CAN"]
[Date "2017.12.28"]
[Round "2"]
[White "Liu, Eric"]
[Black "Perecowicz, Jonathan"]
[Result "0-1"]
[WhiteElo "1231"]
[BlackElo "1438"]
[WhiteFideId "-1"]
[WhiteFideId "-1"]
[PlyCount "64"]
[GameId "2160767908292085"]
[EventDate "2017.12.27"]
[EventType "swiss"]
[EventRounds "5"]
[EventCountry "CAN"]
[SourceTitle "hb 2017"]

1. d4 Nf6 2. c4 g6 3. Nf3 Bg7 4. Nc3 d6 5. e4 O-O 6. Be2 c5 7. d5 Na6 8. O-O Nc7 9. Be3 Bd7 10. e5 Ng4 11. exd6 exd6 12. Bf4 Bf5 13. h3 Ne5 14. Re1 Re8 15. a3 Qd7 16. b4 Nxf3+ 17. Bxf3 Bxc3 18. Rxe8+ Rxe8 19. Bd2 Bxa1 20. Qxa1 Qe7 21. Bc3 b5 22. Kh2 bxc4 23. Bh8 f6 24. Bxf6 Qf7 25. bxc5 Nxd5 26. Bh8 Be4 27. Be2 c3 28. Bd4 dxc5 29. Bxc5 Qc7+ 30. Bd6 Qxd6+ 31. Kg1 Rc8 32. Qc1 c2 0-1

[Event "Pere Noel U1500"]
[Site "Montreal CAN"]
[Date "2017.12.29"]
[Round "3"]
[White "Chapdelaine, Gwyn"]
[Black "Liu, Eric"]
[Result "1-0"]
[WhiteElo "1289"]
[BlackElo "1231"]
[WhiteFideId "-1"]
[WhiteFideId "-1"]
[PlyCount "39"]
[GameId "2160767908292086"]
[EventDate "2017.12.27"]
[EventType "swiss"]
[EventRounds "5"]
[EventCountry "CAN"]
[SourceTitle "hb 2017"]

1. e4 e5 2. Nf3 Nc6 3. d4 exd4 4. Bc4 Nf6 5. e5 Ng8 6. Ng5 Nh6 7. O-O Be7 8. f4 Nxe5 9. fxe5 Bxg5 10. Qh5 Bxc1 11. Bxf7+ Ke7 12. Qh4+ g5 13. Qxh6 Be3+ 14. Kh1 d6 15. e6 Bf4 16. Rxf4 Bxe6 17. Qxe6+ Kf8 18. Bg8+ Kg7 19. Rf7+ Kxg8 20. Re7+ 1-0

[Event "Pere Noel U1500"]
[Site "Montreal CAN"]
[Date "2017.12.30"]
[Round "5"]
[White "Liu, Eric"]
[Black "Legault, Simon"]
[Result "0-1"]
[WhiteElo "1231"]
[BlackElo "1393"]
[WhiteFideId "-1"]
[WhiteFideId "-1"]
[PlyCount "74"]
[GameId "2160767908292087"]
[EventDate "2017.12.27"]
[EventType "swiss"]
[EventRounds "5"]
[EventCountry "CAN"]
[SourceTitle "hb 2017"]

1. e4 c5 2. Nf3 d6 3. d4 cxd4 4. Nxd4 Nf6 5. Nc3 a6 6. Bg5 e5 7. Nb3 Be6 8. Bd3 Be7 9. O-O Nbd7 10. Qd2 Nh5 11. Bxe7 Qxe7 12. Rac1 O-O 13. Rfd1 Rad8 14. Be2 Ndf6 15. Nd5 Bxd5 16. exd5 Nf4 17. Bf3 Qd7 18. Re1 Qf5 19. c4 Nd3 20. Be4 Nxe4 21. Qxd3 Qxf2+ 22. Kh1 Qxe1+ 23. Rxe1 Nf2+ 24. Kg1 Nxd3 25. Re2 Rc8 26. Rd2 e4 27. Na5 b6 28. Nc6 Rfe8 29. Kf1 Nf4 30. Ke1 e3 31. Rc2 Re4 32. g3 Nh3 33. Rg2 Rce8 34. Ke2 Rxc4 35. Kd3 Rc1 36. Nd4 Rd1+ 37. Kc3 Rxd4 0-1

[Event "Pere Noel U1800"]
[Site "Montreal CAN"]
[Date "2017.12.27"]
[Round "1"]
[White "Guzman, Marcelo"]
[Black "Gendron, Roger"]
[Result "0-1"]
[WhiteElo "1587"]
[BlackElo "1456"]
[WhiteFideId "-1"]
[WhiteFideId "-1"]
[PlyCount "64"]
[GameId "2160767908292088"]
[EventDate "2017.12.27"]
[EventType "swiss"]
[EventRounds "5"]
[EventCountry "CAN"]
[SourceTitle "hb 2017"]

1. d4 Nf6 2. Bg5 d6 3. Nc3 c6 4. e4 Nfd7 5. f4 g6 6. e5 dxe5 7. dxe5 Qb6 8. Rb1 h6 9. Bh4 Bg7 10. Bc4 Nf8 11. Nf3 Bg4 12. Bf2 Qc7 13. Ne4 Nbd7 14. c3 Rd8 15. Nd6+ exd6 16. exd6 Qa5 17. O-O Ne6 18. Re1 O-O 19. Qb3 Ndc5 20. Qc2 Bf5 21. Qd1 Bxb1 22. Qxb1 b5 23. b4 Qa6 24. bxc5 bxc4 25. Ne5 Nxf4 26. Qe4 Bxe5 27. Rd1 Rfe8 28. d7 Nh3+ 29. gxh3 Bxh2+ 30. Kxh2 Rxe4 31. Kg2 Qxa2 32. Kf3 Qe2+ 0-1

[Event "Pere Noel U1800"]
[Site "Montreal CAN"]
[Date "2017.12.30"]
[Round "1"]
[White "Liu, Kevin"]
[Black "Zhang, Chu Hang"]
[Result "1/2-1/2"]
[WhiteElo "1456"]
[BlackElo "1586"]
[WhiteFideId "-1"]
[WhiteFideId "-1"]
[PlyCount "107"]
[GameId "2160767908292089"]
[EventDate "2017.12.27"]
[EventType "swiss"]
[EventRounds "5"]
[EventCountry "CAN"]
[SourceTitle "hb 2017"]

1. c4 c5 2. e4 Nc6 3. g3 g6 4. Bg2 Bg7 5. Nc3 d6 6. Nge2 e5 7. d3 Nf6 8. O-O Rb8 9. Nd5 Nxd5 10. exd5 Ne7 11. Nc3 O-O 12. f4 a6 13. fxe5 Bxe5 14. Bh6 Nf5 15. Bxf8 Qxf8 16. Qd2 Bd4+ 17. Kh1 Be3 18. Qe1 Bd4 19. Rf3 Bd7 20. Ne4 Re8 21. Qd2 Qg7 22. Raf1 Re7 23. g4 Nh4 24. Qg5 Rxe4 25. dxe4 Nxf3 26. Bxf3 Qf8 27. Qd2 b6 28. b4 Qg7 29. bxc5 dxc5 30. Qe2 Be5 31. g5 h5 32. gxh6 Qxh6 33. Rg1 Bd4 34. Rf1 Be5 35. Re1 Kg7 36. Qg2 Bh3 37. Qf2 Qf4 38. Qg3 Qxg3 39. hxg3 Bxg3 40. Re3 Bf4 41. Ra3 a5 42. Rb3 Bc7 43. Be2 Bd7 44. Kg2 Kf6 45. Rf3+ Ke7 46. Rd3 Kd6 47. Kf3 Ke5 48. Ke3 f5 49. Bf3 f4+ 50. Ke2 g5 51. d6 Bd8 52. Rd5+ Kf6 53. e5+ Kg7 54. Rd1 1/2-1/2

[Event "PreTEC 2017"]
[Site "Chambly CAN"]
[Date "2017.01.11"]
[Round "1"]
[White "Kelly, Patrick"]
[Black "Laplante, Germain"]
[Result "1-0"]
[WhiteElo "1296"]
[BlackElo "1351"]
[WhiteFideId "-1"]
[WhiteFideId "-1"]
[PlyCount "41"]
[GameId "2191150455165331"]
[EventDate "2017.01.11"]
[EventType "swiss"]
[EventRounds "3"]
[EventCountry "CAN"]

1. e4 c6 2. Nf3 d5 3. exd5 Bg4 4. c3 Qxd5 5. Be2 Nf6 6. O-O Nbd7 7. d3 O-O-O 8. Na3 Nb6 9. Be3 e6 10. d4 Bxa3 11. bxa3 Nc4 12. Bf4 Nxa3 13. Qa4 Nb5 14. Bxb5 cxb5 15. Qxa7 Bxf3 16. gxf3 Qxf3 17. Qb8+ Kd7 18. Qc7+ Ke8 19. Rae1 Nd5 20. Qxb7 Nxc3 21. Qxf3 1-0

[Event "PreTEC 2017"]
[Site "Chambly CAN"]
[Date "2017.01.18"]
[Round "2"]
[White "Coupal, Gerald"]
[Black "Kelly, Patrick"]
[Result "1/2-1/2"]
[WhiteElo "1316"]
[BlackElo "1296"]
[WhiteFideId "-1"]
[WhiteFideId "-1"]
[PlyCount "108"]
[GameId "2191150455165332"]
[EventDate "2017.01.11"]
[EventType "swiss"]
[EventRounds "3"]
[EventCountry "CAN"]

1. e4 e5 2. Nc3 Nc6 3. g3 Nf6 4. Bg2 Bc5 5. Nge2 O-O 6. O-O d6 7. Na4 Bb6 8. d3 Bg4 9. h3 Be6 10. Nxb6 axb6 11. b3 h6 12. f4 Qc8 13. f5 Bd7 14. c3 Ne7 15. Kh2 c6 16. d4 Qc7 17. g4 d5 18. dxe5 Nxe4 19. Bf4 Qd8 20. Qc2 Ng5 21. Nd4 Qc8 22. Qe2 c5 23. Nb5 Bxb5 24. Qxb5 Qd8 25. Qe2 Qd7 26. h4 Ne4 27. Bxe4 dxe4 28. Qxe4 Qb5 29. Rfd1 Nc6 30. Rd6 Rfd8 31. c4 Qb4 32. Bd2 Qa3 33. Bc3 Nd4 34. Rxb6 Rd7 35. e6 fxe6 36. fxe6 Re7 37. Rxb7 Rae8 38. Rxe7 Rxe7 39. Bxd4 cxd4 40. Qxd4 Rxe6 41. Qd2 Rd6 42. Qe2 Qb4 43. Rd1 Qb8 44. Rxd6 Qxd6+ 45. Kh3 Qa3 46. h5 Qc1 47. Qg2 Qe3+ 48. Qg3 Qe2 49. a4 Qf1+ 50. Qg2 Qd3+ 51. Qg3 Qf1+ 52. Kh2 Qe2+ 53. Qg2 Qe5+ 54. Qg3 Qe2+ 1/2-1/2

[Event "PreTEC 2017"]
[Site "Chambly CAN"]
[Date "2017.01.18"]
[Round "2"]
[White "Leger, Manon"]
[Black "Lalumiere, Etienne"]
[Result "0-1"]
[WhiteElo "1847"]
[BlackElo "1731"]
[WhiteFideId "-1"]
[WhiteFideId "-1"]
[PlyCount "122"]
[GameId "2191150455169429"]
[EventDate "2017.01.11"]
[EventType "swiss"]
[EventRounds "3"]
[EventCountry "CAN"]

1. e4 e6 2. d4 d5 3. e5 c5 4. c3 Nc6 5. Be3 cxd4 6. cxd4 Bb4+ 7. Nc3 Nge7 8. Rc1 Nf5 9. Bd3 Nxe3 10. fxe3 Qh4+ 11. g3 Qg5 12. Qf3 Nxd4 13. Qf4 Qxf4 14. gxf4 Nc6 15. Nf3 a6 16. Kf2 g6 17. a3 Ba5 18. Ne2 Bd7 19. Rhd1 Bb6 20. b4 Ke7 21. Ned4 Rhc8 22. Nb3 Na7 23. Rxc8 Rxc8 24. Rc1 Rxc1 25. Nxc1 Ba4 26. Nd4 Bxd4 27. exd4 Bb5 28. Bc2 Bc4 29. Ba4 Nb5 30. Bxb5 axb5 31. Kg3 Kf8 32. h4 Kg7 33. Kg4 f6 34. Kg3 h6 35. Kg4 Kf7 36. Kg3 fxe5 37. dxe5 Ke7 38. Kf2 Kd7 39. Ke3 Kc7 40. Kd4 Kc6 41. Kc3 Kd7 42. Kd4 Ke7 43. Kc5 Kf7 44. Kd6 d4 45. a4 bxa4 46. Kc5 b5 47. Kxd4 a3 48. Kc3 a2 49. Kb2 g5 50. fxg5 hxg5 51. hxg5 Kg6 52. Nxa2 Bxa2 53. Kxa2 Kxg5 54. Kb2 Kf4 55. Kc2 Kxe5 56. Kc3 Kd5 57. Kd3 e5 58. Kc3 e4 59. Kd2 Kc4 60. Ke3 Kxb4 61. Kxe4 Kc3 0-1

[Event "PreTEC 2017"]
[Site "Chambly CAN"]
[Date "2017.01.25"]
[Round "3"]
[White "Lalumiere, Etienne"]
[Black "Boucher, Antoni"]
[Result "1-0"]
[WhiteElo "1731"]
[BlackElo "1906"]
[WhiteFideId "-1"]
[WhiteFideId "-1"]
[PlyCount "101"]
[GameId "2191150455169430"]
[EventDate "2017.01.11"]
[EventType "swiss"]
[EventRounds "3"]
[EventCountry "CAN"]

1. d4 d5 2. Bf4 Nc6 3. e3 Nf6 4. c3 Bg4 5. Nf3 e6 6. Bd3 Bd6 7. Bg3 O-O 8. Nbd2 e5 9. dxe5 Nxe5 10. Be2 Ng6 11. Qc2 c6 12. Bxd6 Qxd6 13. h3 Be6 14. Ng5 Rfe8 15. O-O-O b5 16. Nxe6 Qxe6 17. g4 d4 18. cxd4 Qxa2 19. Qb3 Qa5 20. Bf3 Rac8 21. g5 Nd5 22. Kb1 Nge7 23. Ne4 Rb8 24. h4 b4 25. Rd3 Rb6 26. Nc5 Nc3+ 27. Kc2 Nb5 28. h5 Nf5 29. g6 Nbxd4+ 30. exd4 Nxd4+ 31. Rxd4 Qxc5+ 32. Kb1 Qf5+ 33. Be4 Qxf2 34. gxf7+ Qxf7 35. Qxf7+ Kxf7 36. Bxh7 Re2 37. Rd7+ Re7 38. Bg6+ Ke6 39. Rxe7+ Kxe7 40. Rf1 b3 41. Rf7+ Kd6 42. Rxa7 Rb4 43. Rxg7 Rh4 44. Kc1 Rh2 45. Rb7 Rh1+ 46. Kd2 Rh2+ 47. Kc3 Rh3+ 48. Kc4 Rg3 49. Rxb3 Rg4+ 50. Kc3 Rg3+ 51. Kc2 1-0

[Event "PreTEC 2017"]
[Site "Chambly CAN"]
[Date "2017.01.25"]
[Round "3"]
[White "Kelly, Patrick"]
[Black "Jomphe, Denis"]
[Result "0-1"]
[WhiteElo "1296"]
[BlackElo "1297"]
[WhiteFideId "-1"]
[WhiteFideId "-1"]
[PlyCount "82"]
[GameId "2191150455169431"]
[EventDate "2017.01.11"]
[EventType "swiss"]
[EventRounds "3"]
[EventCountry "CAN"]

1. e4 g6 2. Nf3 Bg7 3. Bc4 c5 4. c3 Nc6 5. O-O e6 6. d4 cxd4 7. cxd4 d6 8. Nc3 a6 9. Bf4 b5 10. Nxb5 axb5 11. Bxb5 Bd7 12. Bxd6 Nge7 13. a4 O-O 14. Rc1 Re8 15. Rc2 Qb6 16. Bc5 Qb7 17. Qd3 f5 18. e5 Nd5 19. Qd2 Nc7 20. Bc4 Rxa4 21. b3 Raa8 22. Rfc1 Na5 23. Bd6 Nb5 24. Bb4 Nc6 25. Bc5 Rec8 26. b4 Na3 27. Rc3 Nxc4 28. Rxc4 Ra4 29. Bd6 Bf8 30. Bxf8 Rxf8 31. Qh6 Rf7 32. Ng5 Rg7 33. Nxe6 Bxe6 34. Rxc6 Re7 35. d5 Bd7 36. Rc7 Qxb4 37. e6 Be8 38. Qg5 Rxc7 39. e7 Rxc1+ 40. Qxc1 Qxe7 41. h3 Qe5 0-1